Statistics for World War 2 Leader Quiz

Click here to take the quiz!

General Stats

  • This quiz has been taken 15 times
  • The average score is 7 of 12

Answer Stats

CountryAnswer% Correct
British Empire and CommonwealthKing George V / Winston Churchill
100%
The Third ReichAdolf Hitler
92%
Kingdom of ItalyBenito Mussolini / Victor Emmanuel III
92%
Empire of JapanHideki Tojo / Hirohito
92%
Free FranceCharles de Gaulle
77%
Union of Soviet Socialist RepublicsJoseph Stalin
77%
Vichy FrancePhilippe Pétain
69%
United States of AmericaFranklin Delano Roosevelt
62%
Republic of ChinaChiang Kai-shek
38%
Kingdom of the NetherlandsPieter Sjoerds Gerbrandy / Wilhelmina
31%
Kingdom of ThailandPlaek Phibunsongkhram / Ananda Mahidol
8%
French Third RepublicAlbert François Lebrun
0%

Score Distribution

Percentile by Number Answered

Percent of People with Each Score

Your Score History

You have not taken this quiz